Mauve gloves & madmen, clutter & vine, and other stories, sketches, and essays / (Record no. 200468162)

MARC details
000 -LEADER
fixed length control field 02554cam a2200469 i 4500
001 - CONTROL NUMBER
control field 200468162
003 - CONTROL NUMBER IDENTIFIER
control field TR-AnTOB
005 - DATE AND TIME OF LATEST TRANSACTION
control field 20260417173908.0
007 - PHYSICAL DESCRIPTION FIXED FIELD--GENERAL INFORMATION
fixed length control field ta
008 - FIXED-LENGTH DATA ELEMENTS--GENERAL INFORMATION
fixed length control field 760904s1976 nyua 000 1 eng
010 ## - LIBRARY OF CONGRESS CONTROL NUMBER
LC control number 76043968
016 7# - NATIONAL BIBLIOGRAPHIC AGENCY CONTROL NUMBER
Record control number 013988325
Source Uk
020 ## - INTERNATIONAL STANDARD BOOK NUMBER
International Standard Book Number 0374204241
International Standard Book Number 9780374204242
International Standard Book Number 0374520925
International Standard Book Number 9780374520922
040 ## - CATALOGING SOURCE
Original cataloging agency DLC
Language of cataloging eng
Description conventions rda
Transcribing agency DLC
Modifying agency BAKER
-- BTCTA
-- YDXCP
-- RMC
-- OCLCO
-- OCLCF
-- OCLCQ
-- UKMGB
-- IUA
-- NKT
-- GK8
-- OCLCO
-- OCL
-- OCLCO
-- BUR
-- OCLCO
-- OCL
-- OCLCO
-- IMD
-- OCLCQ
-- CSJ
-- OCLCQ
-- GILDS
-- YT6
-- CPO
-- OCLCQ
-- OCLCO
-- BOS
-- CNO
-- LENOT
-- OCLCO
-- CBA
-- OCLCO
-- TYC
-- OCLCO
-- YBM
-- GRACT
-- VVB
-- ZQC
-- OCLCO
-- YBM
-- OCLCO
-- OCLCL
-- OCLCQ
-- UQK
-- IG#
-- OCLCL
-- TR-AnTOB
041 0# - LANGUAGE CODE
Language code of text/sound track or separate title İngilizce
043 ## - GEOGRAPHIC AREA CODE
Geographic area code n-us---
049 ## - LOCAL HOLDINGS (OCLC)
Holding library MAIN
050 00 - LIBRARY OF CONGRESS CALL NUMBER
Classification number PS3573.O526
Item number M3
100 ## - MAIN ENTRY--PERSONAL NAME
Personal name Wolfe, Tom
Relator term author,
-- illustrator
Relator code aut
-- ill
9 (RLIN) 114257
245 10 - TITLE STATEMENT
Title Mauve gloves & madmen, clutter & vine, and other stories, sketches, and essays /
Statement of responsibility, etc. illustrated by the author [Tom Wolfe].
246 3# - VARYING FORM OF TITLE
Title proper/short title Mauve gloves and madmen, clutter and vine, and other stories, sketches, and essays
264 #1 - PRODUCTION, PUBLICATION, DISTRIBUTION, MANUFACTURE, AND COPYRIGHT NOTICE
Place of production, publication, distribution, manufacture New York :
Name of producer, publisher, distributor, manufacturer Farrar, Straus and Giroux,
Date of production, publication, distribution, manufacture, or copyright notice 1977.
Date of production, publication, distribution, manufacture, or copyright notice ©1976
300 ## - PHYSICAL DESCRIPTION
Extent 214 pages :
Other physical details illustrations ;
Dimensions 22 cm
336 ## - CONTENT TYPE
Content type term text
Content type code txt
Source rdacontent
337 ## - MEDIA TYPE
Media type term unmediated
Media type code n
Source rdamedia
338 ## - CARRIER TYPE
Carrier type term volume
Carrier type code nc
Source rdacarrier
505 00 - FORMATTED CONTENTS NOTE
Title Stories and sketches.
-- Mauve gloves & madmen, clutter & vine ;
-- The man who always peaked too soon ;
-- The truest sport ;
-- The commercial --
-- The spirit of the age (and what it longs for).
-- The intelligent coed's guide to America ;
-- The Me Decade and the third great awakening --
-- Sex and violence.
-- The perfect crime ;
-- Pornoviolence ;
-- The boiler room and the computer --
-- Manners, decor, and decorum.
-- Funky chic ;
-- Honks and wonks ;
-- The street fighters.
520 0# - SUMMARY, ETC.
Summary, etc. Mauve Gloves & Madmen, Clutter & Vine is a 1976 book by Tom Wolfe, consisting of eleven essays and one short story that Wolfe wrote between 1967 and 1976. It includes the essay in which he coined the term "Me Decade" to refer to the 1970s. In addition to the stories, Wolfe also illustrated the book.
650 #0 - SUBJECT ADDED ENTRY--TOPICAL TERM
Topical term or geographic name entry element Short stories, American
Chronological subdivision 20th century.
9 (RLIN) 46151
Topical term or geographic name entry element Manners and customs
Source of heading or term fast
9 (RLIN) 124769
651 #0 - SUBJECT ADDED ENTRY--GEOGRAPHIC NAME
Geographic name United States
General subdivision Social life and customs
Chronological subdivision 20th century
Form subdivision Fiction.
9 (RLIN) 124917
655 #7 - INDEX TERM--GENRE/FORM
Genre/form data or focus term Short stories
Source of term lcgft
9 (RLIN) 153047
Genre/form data or focus term Fiction
Source of term fast
9 (RLIN) 151487
Genre/form data or focus term Short stories
Source of term fast
9 (RLIN) 153047
942 ## - ADDED ENTRY ELEMENTS (KOHA)
Source of classification or shelving scheme Library of Congress Classification
Koha item type Book
Holdings
Withdrawn status Lost status Source of classification or shelving scheme Not for loan Collection code Home library Current library Shelving location Date acquired Source of acquisition Total Checkouts Full call number Date last seen Date shelved Koha item type Public note
    Library of Congress Classification Ödünç Verilemez-Kurumiçi kullanım / Not for loan-For inhouse use Genel Koleksiyon Tıp Fakültesi Medikal Kütüphane Tıp Fakültesi Medikal Kütüphane Genel Koleksiyon / Main Collection 18/03/2026 Bağış / Donation   PS3573.O526 M3 1977 TıpFaK 16/04/2026 16/04/2026 Book Donated by Professor Şükrü Cin
Devinim Yazılım Eğitim Danışmanlık tarafından Koha'nın orjinal sürümü uyarlanarak geliştirilip kurulmuştur.